Los test mentales / (Registro nro. 3481)

Detalles MARC
000 -CABECERA
campo de control de longitud fija 01252nam a22002657a 4500
003 - IDENTIFICADOR DEL NÚMERO DE CONTROL
campo de control AR-RoIUNI
005 - FECHA Y HORA DE LA ÚLTIMA TRANSACCIÓN
campo de control 20210303103825.0
007 - CAMPO FIJO DE DESCRIPCIÓN FÍSICA--INFORMACIÓN GENERAL
campo de control de longitud fija ta
008 - DATOS DE LONGITUD FIJA--INFORMACIÓN GENERAL
campo de control de longitud fija 170322s1963 ag |||||r|||| 00| 0 spa d
040 ## - FUENTE DE LA CATALOGACIÓN
Lengua de catalogación spa
Centro/agencia transcriptor AR-RoIUNI
Normas de descripción aarc2
041 ## - CÓDIGO DE LENGUA
Código de lengua del texto/banda sonora o título independiente spa
080 ## - NÚMERO DE LA CLASIFICACIÓN DECIMAL UNIVERSAL
Número de la Clasificación Decimal Universal 159.9.072
100 1# - ENTRADA PRINCIPAL--NOMBRE DE PERSONA
Nombre de persona Pichot, Pierre,
Fechas asociadas al nombre 1918-
245 14 - MENCIÓN DE TÍTULO
Título Los test mentales /
Mención de responsabilidad, etc. Pierre Pichot ; presentación, supervisión y apéndices por Jaime Bernstein.
250 ## - MENCIÓN DE EDICIÓN
Mención de edición 2a ed.
260 ## - PUBLICACIÓN, DISTRIBUCIÓN, ETC. (PIE DE IMPRENTA)
Lugar de publicación, distribución, etc. Buenos Aires :
Nombre del editor, distribuidor, etc. Paidós,
Fecha de publicación, distribución, etc. 1963.
300 ## - DESCRIPCIÓN FÍSICA
Extensión 194 p.;
Dimensiones 18 cm.
490 0# - MENCIÓN DE SERIE
Mención de serie Biblioteca del hombre contemporáneo ;
Designación de volumen o secuencia vol. 30
504 ## - NOTA DE BIBLIOGRAFÍA, ETC.
Bibliografía, etc. Incluye bibliografía.
505 0# - NOTA DE CONTENIDO CON FORMATO
Nota de contenido con formato Generalidades I. Definición -- II. Historia -- III. Cualidades de los test mentales -- IV. Clasificación -- V. El empleo de los test en psicología -- Los test de aptitudes y de conocimientos I. Test de inteligencia -- II. Los test de aptitud "Aprioristas" -- III. El análisis factorial de las aptitudes -- IV. Tests y baterias de aptitudes escolares y profesionales -- V. Los test de conocimientos -- Los test de personalidad I. Los cuestionarios -- II. Los test objetivos de personalidad -- III. Las técnicas proyectivas.
650 #4 - PUNTO DE ACCESO ADICIONAL DE MATERIA--TÉRMINO DE MATERIA
Término de materia o nombre geográfico como elemento inicial PSICOLOGÍA
9 (RLIN) 108
650 #4 - PUNTO DE ACCESO ADICIONAL DE MATERIA--TÉRMINO DE MATERIA
Término de materia o nombre geográfico como elemento inicial TEST
700 1# - PUNTO DE ACCESO ADICIONAL--NOMBRE DE PERSONA
Nombre de persona Bernstein, Jaime.
942 ## - ELEMENTOS DE PUNTO DE ACCESO ADICIONAL (KOHA)
Fuente del sistema de clasificación o colocación Clasificación Decimal Universal
Tipo de ítem Koha Libros
Existencias
Estado de retiro Estado de pérdida Fuente del sistema de clasificación o colocación Estado dañado Excepción de préstamo Código de colección Localización permanente Ubicación/localización actual Ubicación en estantería Fecha de adquisición Fuente de adquisición Número de inventario Total de préstamos Signatura topográfica completa Código de barras Fecha visto por última vez Fecha del último préstamo Número de copia Precio válido a partir de Tipo de ítem Koha Nota pública
    Clasificación Decimal Universal     Psicología BIBLIOTECA RIOBAMBA BIBLIOTECA RIOBAMBA BIBLIOTECA RIOBAMBA 01/12/2016 Donación 3597 1 159.9.072 PIC 3597 15/09/2017 14/09/2017 1 22/03/2017 Libros Donación Brígida Graciela Lara